| 000 | 02918cam a22006494i 4500 | ||
|---|---|---|---|
| 003 | PE-LiUPU | ||
| 005 | 20250731173413.0 | ||
| 008 | 150706s2011 pe rb 000 0 spa d | ||
| 035 | _a(Sirsi) a50609 | ||
| 040 |
_aPE-LiUPU _bspa _cPE-LiUPU _erda |
||
| 049 | _aPRUA | ||
| 082 | 0 | 4 |
_a248.83 _bA81 _221 |
| 100 | 1 |
_aAsmat, David, _eautor. |
|
| 245 | 1 | 0 |
_aPautas para amar : _bapuntes sobre relaciones afectivas / _cDavid Asmat [y otros cinco]. |
| 250 | _aPrimera edición. | ||
| 264 | 1 |
_aLima : _bBereshit, _c2011. |
|
| 300 |
_a95 páginas ; _c21 centímetros |
||
| 336 |
_atext _2rdacontent |
||
| 337 |
_aunmediated _2rdamedia |
||
| 338 |
_avolume _2rdacarrier |
||
| 504 | _aBibliografía: páginas 94-95. | ||
| 505 | 0 | _aEl amor en el Antiguo Testamento -- El amor en el Nuevo Testamento -- Amistad y amor -- Amistad -- Noviazgo -- Necesarios para llegar al matrimonio -- Influencia de los medios de comunicación en las relaciones afectivas -- Violencia en el noviazgo. | |
| 526 | _aSEG42 | ||
| 526 | _aSEG41 | ||
| 526 | _aSEG40 | ||
| 526 | _aSEG39 | ||
| 526 | _aP94 | ||
| 526 | _aP87 | ||
| 526 | _aP86 | ||
| 526 | _aP85 | ||
| 526 | _aP77 | ||
| 526 | _aP76 | ||
| 526 | _aP35 | ||
| 650 | 0 | 4 | _aAmor. |
| 650 | 0 | 4 |
_aMatrimonio. _92383 |
| 650 | 0 | 4 | _aNoviazgo. |
| 700 | 1 |
_aHanco, Jesús, _eautor. |
|
| 700 | 1 |
_aBalabarca, Yván, _eautor. |
|
| 700 | 1 |
_aTurpo, Joel, _eautor. |
|
| 700 | 1 |
_aRodríguez, Álvaro, _eautor. |
|
| 700 | 1 |
_aRojas, Benjamín, _eautor. |
|
| 910 |
_agl _bjv _clch _d20120123 |
||
| 910 |
_btqv _cwelc _d20170425 |
||
| 910 |
_adbm _bjpc _cjpc _d20190516 |
||
| 942 |
_2ddc _cBOOK |
||
| 949 |
_a248.83 B17 2011 _wDEWEY _c1 _iFJ07705 _lCCODEBUJ1 _mBUJ _p8.00.00 _r0 _sY _tBOOK _u2017-12-11 _xFCE _zBIBLIOTECA _0UNKNOWN _o.STAFF -- Colección General Juliaca |
||
| 994 |
_aC0 _bPEPRU |
||
| 596 | _a1 3 | ||
| 999 |
_a248.83 A81 _wDEWEY _c53065 _i64264 _d53065 _e2018-11-20 _f2021-11-10 _g5 _lCCODEBUL1 _mBUL _n17 _p8.00 _q3 _r0 _sY _tBOOK _u2015-7-6 _xTEOLOGIA _PP35 _0COMPRA _o.STAFF. Colección Teología |
||
| 999 |
_a248.83 A81 _wDEWEY _c2 _i64265 _d2015-10-1 _e2015-9-30 _lILL _mBUL _n2 _p8.00 _r0 _sY _tBOOK _u2015-7-6 _xTEOLOGIA _PP35 _o.STAFF. Colección General |
||
| 999 |
_a248.83 A81 _wDEWEY _c3 _i64266 _d2016-5-16 _e2016-5-15 _f2021-11-10 _g3 _lCCODEBUL1 _mBUL _n3 _p8.00 _r0 _sY _tBOOK _u2015-7-6 _xTEOLOGIA _PP35 _0COMPRA _o.STAFF. Colección Teología |
||
| 999 |
_a248.83 B17 2011 _wDEWEY _c1 _iFJ07705 _d2019-4-22 _e2017-7-24 _f2022-2-4 _g3 _lCCODEBUJ1 _mBUJ _n1 _p8.00 _q2 _r0 _sY _tBOOK _u2017-4-25 _xBIBLIOTECA _zUNKNOWN _0DONACION _o.STAFF. Colección General Juliaca |
||
| 980 |
_81 _gALBERTO SANCHEZ Responsable de Automatización |
||